000 01098nam a2200253Ia 4500
003 Ost
005 20260507074919.0
008 260507s9999||||xx |||||||||||||| ||und||
040 _cfsecg
041 _aara
082 _a338.5
100 _aمقلد، رمضان محمد
_eمؤلف
245 0 _aالنظرية الاقتصادية الجزئية /
_c رمضان محمد مقلد
260 _aالاسكندرية:
_bجامعة الإسكندرية,
_c2007
300 _a320 صفحة؛
_bإيضاحات ؛
_c24 سم
520 _aطبيعة الاقتصاد الجزئي ونطاق دراسته، نظرية الطلب، نظرية العرض، توازن السوق، تحليل سلوك المستهلك، نظرية الانتاج، نظرية التكاليف، هيكل السوق وتحليل سلوك المشروع
653 _aاقتصاد جزئي
653 _aالاقتصاد
653 _aالانتاج
653 _aالتكاليف
653 _aالعرض والطلب
700 _aنجا، علي عبد الوهاب
_eمؤلف ثانوي
942 _cكتاب
999 _c41788
_d41788